IFM Opac

Discrete Mathematics and its Applications (Record no. 22134)

MARC details
000 -LEADER
fixed length control field 00365nam a22001457a 4500
020 ## - INTERNATIONAL STANDARD BOOK NUMBER
ISBN 978-1-260-09199-1
082 ## - DEWEY DECIMAL CLASSIFICATION NUMBER
Classification number 511
100 ## - MAIN ENTRY--AUTHOR NAME
Personal name Rosen, Kenneth H.
245 ## - TITLE STATEMENT
Title Discrete Mathematics and its Applications
250 ## - EDITION STATEMENT
Edition statement 8th
260 ## - PUBLICATION, DISTRIBUTION, ETC. (IMPRINT)
Place of publication New York:
Name of publisher McGraw Hill Education,
Year of publication 2019
300 ## - PHYSICAL DESCRIPTION
Number of Pages xix, 942p.: ill.; 27cm
500 ## - GENERAL NOTE
General note Include Index
942 ## - ADDED ENTRY ELEMENTS (KOHA)
Koha item type Books
Holdings
Withdrawn status Lost status Damaged status Not for loan Collection code Permanent Location Current Location Shelving location Date acquired Source of acquisition Full call number Accession Number Price effective from Koha item type
        Non-fiction IFM Main Campus Library IFM Main Campus Library Work Room processing 01/13/2026 Purchased 511 ROS 0000030491 01/13/2026 Books
        Non-fiction IFM Main Campus Library IFM Main Campus Library Work Room processing 01/13/2026 Purchased 511 ROS 0000030489 01/13/2026 Books